| 000 | 00894nam a2200181 a 4500 | ||
|---|---|---|---|
| 008 | 120416s2000 ||||||||||||||||| || u | ||
| 050 | _aQH 541.5.F7 Ful | ||
| 100 | _aBhatia, Ramesh [and others] | ||
| 245 | 1 | 0 | _aFull cost pricing of water: options and impacts |
| 260 |
_aNew Delhi _bTata Steel _c2000 |
||
| 300 | _a48p. : ill. | ||
| 350 | _a0.00 | ||
| 650 | _aECOLOGY | ||
| 650 | _aAQUATIC ECOLOGY | ||
| 995 |
_aMAIN LIBRARY OPEN ACCESS _D0.00 _e736233 _FCBU-MAIN LIBRARY (Kitwe) _H1 _I17.95 _jQH 541.5.F7 Ful _M1 _UAVAILABLE _y38977 _ZMain Library Open Access Collection |
||
| 995 |
_aANNEX COLLECTION (Main Library) _D0.00 _e736232 _FCBU-MAIN LIBRARY (Kitwe) _H2 _I17.95 _jQH 541.5.F7 Ful _M2 _UAVAILABLE _y38976 _ZAnnex Low-Usage Collection |
||
| 995 |
_aMAIN LIBRARY OPEN ACCESS _D0.00 _e736234 _FCBU-MAIN LIBRARY (Kitwe) _H3 _I17.95 _jQH 541.5.F7 Ful _M3 _UAVAILABLE _y38978 _ZMain Library Open Access Collection |
||
| 999 |
_c63319 _d63319 |
||